LEADER 00742nam a2200205 i 4500 001 000000107302 003 CaOOAMICUS 005 20160810000000.0 008 160810s1991 it u000 u ita u 013 $a79536 020 $a88-7136-085-0 040 $aSeMil$bita 245 12$aL'arte di vivere alla fine del 20. 300 $a153 p. :$bill. 773 0 $aRoche de Coppens, Peter$tSviluppo dell'uomo nuovo.$dTorino : L'età dell'Acquario, 1989.$g3$w()13049 850 $aSeMil 852 $aSeMil$W1$xVenegono$y1$m3XB III 20/3$j63398$B63398$CSeMilBibl$Z2$F213772 $81 961 $aOmaggio: Altro 996 $6020$a88-7136-085-0$9(OLS)http://semarc/number/88245 996 $6245$aL'arte di vivere alla fine del 20$9(OLS)http://semarc/title/155691 LEADER 01610nam a2200229 i 4500 001 000000027901 003 CaOOAMICUS 005 20230113135123.0 008 180830s1753 it u000 u lat u 040 $aSeMil$bita 100 1 $aLamet, Adrien-Augustin de Bussy : de <1621-1691>.$0(OLS)http://semarc/name/12705 245 10$aDictionarium casuum conscientiae, quos secundum moralis principia, ecclesiasticae disciplinae consuetudines, conciliorum et canonistarum auctoritatem, et regni jurisprudentiam domini quondam De Lamet et Fromageau [...], deciderunt, e Gallico idiomate, quo Parisiis prodiit, Latine redditum. In supplementum Dictionarii [...] Jo. Pontas. Tomus primus[-secundus]. 260 $aVenetiis :$bApud Antonium Bortoli,$c1753. 300 $a2 v. ;$cfol. 500 $aFregio xilogr. sui front. - Iniziali e fregi xilogr. - Testo su due colonne. 700 1 $aFromageau, Germain,$d<1640-1705>.$0(OLS)http://semarc/name/12704 700 1 $aBortoli, Antonio,$c.$0(OLS)http://semarc/name/4614 774 0 $tA-I.$g1$w()50457 774 0 $tL-V.$g2$w()218041 996 $6245$aDictionarium casuum conscientiae, quos secundum moralis principia, ecclesiasticae disciplinae consuetudines, conciliorum et canonistarum auctoritatem, et regni jurisprudentiam domini quondam De Lamet et Fromageau [...], deciderunt, e Gallico idiomate, quo Parisiis prodiit, Latine redditum. In supplementum Dictionarii [...] Jo. Pontas. Tomus primus[-secundus]$9(OLS)http://semarc/title/37818 996 $6260$aVenetiis :$bApud Antonium Bortoli$9(OLS)http://semarc/publisher/34960